00760cam a22002531 4500001001300000003000400013005001700017008004100034010001700075025001900092035002000111040001800131042001200149043001200161050001600173100003500189245007000224260005400294300001900348650002600367650004600393650005000439999001700489ne 64003458 DLC20260227111808.0870420s1963 le 000 0 arar  ane 64003458  aPL480:UAR-4857 a(OCoLC)15554752 aDLCcWaUdDLC apremarc af-ua---00aPJ7521b.H31 aḤalafī, ʻAbd al-ʻAzīz.10aUdabāʼ al-sujūnc[taʼlīf] ʻAbd al-ʻAzīz alḤalafī. a[Bayrūt]bDār al-Kātib al-ʻArabī,c1963. a224 p.c20 cm. 0aPrisoners as authors. 0aArabic literaturexHistory and criticism. 0aPrisonerszArab countriesxIntellectual life. c47732d47732